| 000 | 00406nam a2200109Ia 4500 | ||
|---|---|---|---|
| 008 | 160909s9999 xx 000 0 und d | ||
| 100 | _aRivera, Edward M. | ||
| 245 | _aLegal education for misdemeanors and expungements: A grant proposal | ||
| 260 |
_bCalifornia State University, Long Beach. _c2016 |
||
| 650 | _aHUMAN RESOURCE MANAGEMENT | ||
| 856 | _uhttp://pqdtopen.proquest.com/doc/1760591333.html?FMT=ABS | ||
| 999 |
_c304720 _d304720 |
||